SOET WYN VIR N SONDAGKIND (Record no. 687350)

MARC details
000 -LEADER
fixed length control field 00309nam a2200109Ia 4500
008 - FIXED-LENGTH DATA ELEMENTS--GENERAL INFORMATION
fixed length control field 220624s9999 xx 000 0 und d
020 ## - INTERNATIONAL STANDARD BOOK NUMBER
International Standard Book Number <a href="0 624 02268 4">0 624 02268 4</a>
082 ## - DEWEY DECIMAL CLASSIFICATION NUMBER
Classification number AF DE KOCK
942 ## - ADDED ENTRY ELEMENTS
Creator ID 561
Creator Name John Tresidder
Modifier ID
Modifier Name CRON CRON
100 ## - MAIN ENTRY--PERSONAL NAME
Personal name De Kock, Helene
245 #0 - TITLE STATEMENT
Title SOET WYN VIR N SONDAGKIND
942 ## - ADDED ENTRY ELEMENTS
item type Books
Holdings
Withdrawn status Lost status Damaged status Not for loan Home library Current library Date acquired Cost, normal purchase price Total Checkouts Barcode Date last seen Price effective from item type Public note
        Pullenshope PL (MMID-PLST-PULL) Pullenshope PL (MMID-PLST-PULL) 25.06.2022 13.50   33228001036654 25.06.2022 25.06.2022 Books 61503934